Loading...
| Current Events | 1 | 20.00 | 100% | 100% | 0% |
| Fine Arts - Classical Music | 6 | 18.33 | 100% | 33% | 50% |
| Fine Arts - Other Fine Arts | 3 | 20.00 | 100% | 33% | 67% |
| Geography | 4 | 22.50 | 75% | 100% | 50% |
| History - American History | 6 | 20.00 | 100% | 83% | 17% |
| History - European History | 4 | 17.50 | 100% | 50% | 25% |
| History - Other History | 5 | 16.00 | 100% | 60% | 0% |
| History - World History | 4 | 17.50 | 75% | 75% | 25% |
| Literature - American Literature | 5 | 12.00 | 60% | 40% | 20% |
| Literature - British Literature | 5 | 10.00 | 80% | 20% | 0% |
| Literature - European Literature | 1 | 20.00 | 100% | 100% | 0% |
| Literature - World Literature | 5 | 20.00 | 100% | 80% | 20% |
| Mythology | 6 | 23.33 | 83% | 83% | 67% |
| Painting/Sculpture | 4 | 17.50 | 75% | 75% | 25% |
| Philosophy | 7 | 14.29 | 86% | 43% | 14% |
| Pop Culture | 2 | 20.00 | 100% | 50% | 50% |
| Religion | 3 | 20.00 | 100% | 67% | 33% |
| Science - Biology | 6 | 20.00 | 100% | 100% | 0% |
| Science - Chemistry | 5 | 20.00 | 100% | 60% | 40% |
| Science - Other Science | 10 | 30.00 | 160% | 130% | 10% |
| Science - Physics | 5 | 20.00 | 80% | 100% | 20% |
| Social Science | 2 | 15.00 | 100% | 50% | 0% |